Memoria y proposiciones del señor don José San Martín sobre las Californias con ocasión de no haberse jurado su intendente por la preponderancia de aquellos religiosos misioneros /

Guardado en:
Bibliografiske detaljer
Hovedforfatter: San Martín, José (autor)
Format: Bog
Sprog:spansk
Serier:(Biblioteca de Aportación Histórica)
Fag:
Tags: Tilføj Tag
Ingen Tags, Vær først til at tagge denne postø!

MARC

LEADER 00000nam^a2200000^a^4500
001 000130386
005 20250521000000.0
009 20260310094945.091
037 |a Acervo ITESO - Biblioteca 
041 |a ESP 
082 |a 972. 204  |b SAN 
100 |a San Martín, José  |e (autor) 
245 1 0 |a Memoria y proposiciones del señor don José San Martín sobre las Californias con ocasión de no haberse jurado su intendente por la preponderancia de aquellos religiosos misioneros / 
264 |a México :  |b Vargas Rea,  |c 1943 
300 |a 24 p. 
336 |a texto  |b txt  |2 rdacontenido 
337 |a sin mediación  |b n  |2 rdamedio 
338 |a volumen  |b nc  |2 rdasoporte 
440 1 |a (Biblioteca de Aportación Histórica) 
534 |a Reproducción facsimilar de la edición de 1822 
649 |a XX 
650 |a Baja California -  |x Historia -  |y Regencia e Imperio, 1821-1823 
650 |a California, EUA -  |x Historia -  |y 1809-1845 
650 |a México -  |x Historia -  |y Regencia e Imperio, 1821-1823 
650 |a México -  |x Historia -  |y Siglo XIX 
650 |a EUA -  |x Historia -  |y 1809-1845 
650 |a EUA -  |x Historia -  |y Siglo XIX 
910 |a Fondo Salvador Reynoso Reynoso 
920 |a Impresos - Libros 
930 |a Fondos Especiales 
905 |a 112 
901 |a 0800011624  |b IT2  |c ESP  |u 20250521 
902 |a https://opac.biblio.iteso.mx/vufind/Record/000130386